[Event "RUS-ch U20 Girls"]
[Site "Ekaterinburg"]
[Date "2024.04.13"]
[Round "7"]
[White "Yakimova, Mariya"]
[Black "Shukhman, Anna"]
[Result "0-1"]
[WhiteElo "2243"]
[BlackElo "2261"]
[PlyCount "36"]
[EventDate "2024.04.07"]
[EventType "tourn"]
[EventRounds "9"]
[EventCountry "RUS"]
[SourceTitle "CB16_2024"]
[SourceDate "2024.04.17"]
[SourceVersion "1"]
[SourceVersionDate "2024.04.17"]
[SourceQuality "1"]

1. d4 d6 2. c4 g6 3. Nf3 Bg7 4. g3 c5 5. Bg2 cxd4 6. Nxd4 Qb6 7. Nb3 Qb4+ 8. Bd2 Qxc4 9. Nc3 Nf6 10. Rc1 Qg4 11. Nb5 Na6 12. Rc7 Rb8 13. h3 Qh5 14. Rxc8+ Rxc8 15. Nxa7 Rb8 16. Na5 0-0 17. Nxb7 Qf5 18. Bc3 Ne4 0-1

[Event "RUS-ch U20 Girls"]
[Site "Ekaterinburg"]
[Date "2024.04.10"]
[Round "4"]
[White "Loskutova, Viktoriya"]
[Black "Yakimova, Mariya"]
[Result "0-1"]
[WhiteElo "2142"]
[BlackElo "2243"]
[PlyCount "90"]
[EventDate "2024.04.07"]
[EventType "tourn"]
[EventRounds "9"]
[EventCountry "RUS"]
[SourceTitle "CB16_2024"]
[SourceDate "2024.04.17"]
[SourceVersion "1"]
[SourceVersionDate "2024.04.17"]
[SourceQuality "1"]

1. e4 c5 2. Nf3 d6 3. d4 cxd4 4. Nxd4 Nf6 5. Nc3 Nc6 6. Bc4 Qb6 7. Nxc6 bxc6 8. 0-0 g6 9. Qe1 Qc5 10. b3 Bg7 11. Be3 Qh5 12. f3 0-0 13. Rd1 Kh8 14. Be2 Qa5 15. Na4 Qc7 16. c4 Bb7 17. Qf2 Ne8 18. f4 f5 19. e5 dxe5 20. Bxa7 Nf6 21. Bb6 Qb8 22. Qc5 exf4 23. Qxe7 Re8 24. Qf7 Rxe2 25. Rd8+ Qxd8 26. Bxd8 Rxd8 27. Qxb7 Ng4 28. Qxc6 Bd4+ 29. Kh1 Nf2+ 30. Kg1 Ne4+ 31. Kh1 f3 32. gxf3 Nf2+ 33. Kg2 Ng4+ 34. Kh3 Rxh2+ 35. Kg3 Be5+ 36. f4 Bd4 37. Nc5 Bxc5 38. Qxc5 h5 39. Rd1 h4+ 40. Kf3 Rh3+ 41. Ke2 Rh2+ 42. Kf3 Re8 43. Qd4+ Kg8 44. Rd3 Kh7 45. Rc3 Ree2 0-1

[Event "RUS-ch U20 Girls"]
[Site "Ekaterinburg"]
[Date "2024.04.07"]
[Round "1"]
[White "Zhurova, Anna"]
[Black "Yakimova, Mariya"]
[Result "1-0"]
[WhiteElo "2203"]
[BlackElo "2243"]
[PlyCount "105"]
[EventDate "2024.04.07"]
[EventType "tourn"]
[EventRounds "9"]
[EventCountry "RUS"]
[SourceTitle "CB16_2024"]
[SourceDate "2024.04.17"]
[SourceVersion "1"]
[SourceVersionDate "2024.04.17"]
[SourceQuality "1"]

1. e4 c5 2. Nf3 d6 3. d4 cxd4 4. Nxd4 Nf6 5. Nc3 a6 6. Be3 e5 7. Nb3 Be7 8. h3 b5 9. Nd5 Nbd7 10. a4 b4 11. Nxe7 Kxe7 12. Qd2 Rb8 13. f3 Qc7 14. Bd3 Rd8 15. 0-0 Kf8 16. Rac1 d5 17. Bg5 h6 18. Bh4 Re8 19. Rce1 Qb6+ 20. Bf2 Qc7 21. Kh1 dxe4 22. fxe4 Nh5 23. Be2 Nf4 24. Be3 Kg8 25. Bxf4 exf4 26. Qxf4 Ne5 27. Nd4 Rb6 28. Nf3 Rf6 29. Qh2 Rxf3 30. Bxf3 Qxc2 31. Re2 Qxa4 32. Qf4 Qb5 33. Rd1 Be6 34. Red2 Kh7 35. Be2 Bc4 36. Rd5 Qb8 37. Rxe5 Bxe2 38. Qf5+ Kg8 39. Rxe8+ Qxe8 40. Rc1 g6 41. Rc8 gxf5 42. Rxe8+ Kg7 43. exf5 Bd3 44. Rb8 Bb5 45. Rb6 b3 46. Kg1 h5 47. Kf2 Bc4 48. Rb4 Bd3 49. g4 Bc2 50. Rb6 a5 51. Kg3 hxg4 52. hxg4 a4 53. Ra6 1-0

[Event "Wch Blitz (Women)"]
[Site "Samarkand"]
[Date "2023.12.29"]
[Round "7"]
[White "Hamrakulova, Yulduz"]
[Black "Yakimova, Mariya"]
[Result "0-1"]
[WhiteElo "1908"]
[BlackElo "2231"]
[PlyCount "58"]
[EventDate "2023.12.29"]
[EventType "swiss (blitz)"]
[EventRounds "17"]
[EventCountry "UZB"]
[SourceTitle "CB01_2024"]
[SourceDate "2024.01.03"]
[SourceVersion "1"]
[SourceVersionDate "2024.01.03"]
[SourceQuality "1"]

1. d4 Nf6 2. c4 g6 3. Nf3 Bg7 4. g3 0-0 5. Bg2 d6 6. 0-0 Nc6 7. d5 Na5 8. Nfd2 c5 9. Nc3 e6 10. e4 exd5 11. cxd5 Bd7 12. a4 a6 13. h3 b5 14. f4 Re8 15. Re1 b4 16. Ncb1 c4 17. e5 Nh5 18. Ne4 dxe5 19. Kh2 exf4 20. g4 Nf6 21. Bxf4 Nxe4 22. Rxe4 Rxe4 23. Bxe4 Qf6 24. Bc1 Qe5+ 25. Kg1 Qxe4 26. Nd2 Bd4+ 27. Kh2 Be5+ 28. Kg1 Qe3+ 29. Kg2 Qg3+ 0-1

[Event "Wch Blitz (Women)"]
[Site "Samarkand"]
[Date "2023.12.29"]
[Round "2"]
[White "Muzychuk, Anna"]
[Black "Yakimova, Mariya"]
[Result "1-0"]
[WhiteElo "2530"]
[BlackElo "2231"]
[PlyCount "107"]
[EventDate "2023.12.29"]
[EventType "swiss (blitz)"]
[EventRounds "17"]
[EventCountry "UZB"]
[SourceTitle "CB01_2024"]
[SourceDate "2024.01.03"]
[SourceVersion "1"]
[SourceVersionDate "2024.01.03"]
[SourceQuality "1"]

1. e4 c5 2. c3 Nf6 3. e5 Nd5 4. d4 cxd4 5. Nf3 Nc6 6. cxd4 d6 7. Bc4 Nb6 8. Bb5 dxe5 9. Nxe5 Bd7 10. Nc3 e6 11. 0-0 Be7 12. Qg4 Bf6 13. Rd1 a6 14. Bxc6 Bxc6 15. Nxc6 bxc6 16. Ne4 Nd5 17. Bf4 Nxf4 18. Qxf4 0-0 19. Rac1 Rc8 20. Rc4 Be7 21. Rdc1 Qd5 22. b3 Rfd8 23. h3 h6 24. Ra4 a5 25. Qe3 Bb4 26. a3 Be7 27. Rc3 Rb8 28. Nc5 Rb5 29. Rac4 Rdb8 30. a4 R5b6 31. Ne4 Bb4 32. Rd3 Rd8 33. Ng3 Rb7 34. Ne4 Rbd7 35. Rc2 Qf5 36. Rxc6 Rd5 37. Rc4 e5 38. Ng3 Qg6 39. Rc1 exd4 40. Qe4 Qxe4 41. Nxe4 Re8 42. f3 f5 43. Ng3 Kh7 44. Rcd1 Red8 45. Ne2 Bc5 46. Kf1 Kg6 47. Nf4+ Kf6 48. Nxd5+ Rxd5 49. Rc1 Ke5 50. g3 h5 51. f4+ Ke4 52. Ke2 g6 53. Rc4 h4 54. Re3# 1-0

[Event "Wch Blitz (Women)"]
[Site "Samarkand"]
[Date "2023.12.29"]
[Round "1"]
[White "Yakimova, Mariya"]
[Black "Salimova, Nurgyul"]
[Result "0-1"]
[WhiteElo "2231"]
[BlackElo "2426"]
[PlyCount "76"]
[EventDate "2023.12.29"]
[EventType "swiss (blitz)"]
[EventRounds "17"]
[EventCountry "UZB"]
[SourceTitle "CB01_2024"]
[SourceDate "2024.01.03"]
[SourceVersion "1"]
[SourceVersionDate "2024.01.03"]
[SourceQuality "1"]

1. d4 d5 2. c4 c6 3. Nf3 Nf6 4. Nc3 dxc4 5. a4 a5 6. e3 Bg4 7. Bxc4 e6 8. 0-0 Bb4 9. h3 Bh5 10. Qe2 Nbd7 11. Rd1 Qc7 12. e4 e5 13. d5 0-0 14. Bg5 Rac8 15. Rac1 Qb6 16. Bxf6 Nxf6 17. g4 Bg6 18. Nxe5 Rfe8 19. Nxg6 hxg6 20. dxc6 bxc6 21. e5 Qb8 22. e6 fxe6 23. Bxe6+ Kh7 24. Qc4 Bc5 25. Kg2 Rc7 26. Re1 Rce7 27. Rc2 Bb4 28. Rce2 Qd6 29. f4 Nd5 30. Nxd5 cxd5 31. Bg8+ Kxg8 32. Rxe7 Rxe7 33. Qc8+ Kh7 34. Rxe7 Qxe7 35. f5 Qe4+ 36. Kg3 Be1+ 37. Kh2 Qf4+ 38. Kg2 Qg3+ 0-1

[Event "Wch Blitz (Women)"]
[Site "Samarkand"]
[Date "2023.12.29"]
[Round "4"]
[White "Zhunusbekova, Aymunzhok"]
[Black "Yakimova, Mariya"]
[Result "1-0"]
[WhiteElo "1527"]
[BlackElo "2231"]
[PlyCount "61"]
[EventDate "2023.12.29"]
[EventType "swiss (blitz)"]
[EventRounds "17"]
[EventCountry "UZB"]
[SourceTitle "CB01_2024"]
[SourceDate "2024.01.03"]
[SourceVersion "1"]
[SourceVersionDate "2024.01.03"]
[SourceQuality "1"]

1. e4 c5 2. Nf3 d6 3. Bb5+ Nd7 4. 0-0 a6 5. Bxd7+ Bxd7 6. d4 cxd4 7. Nxd4 Nf6 8. Nc3 g6 9. h3 Bg7 10. Be3 0-0 11. Qd2 b5 12. a3 Re8 13. f4 Qc7 14. f5 Qb7 15. Qd3 e5 16. Nf3 Bc6 17. Qxd6 Rad8 18. Qc5 Nxe4 19. Nxe4 Bxe4 20. fxg6 hxg6 21. Ng5 Rc8 22. Qb4 Bd5 23. Qh4 Rxc2 24. Bf2 Bxg2 25. Rfc1 Rec8 26. Rxc2 Rxc2 27. Rd1 Bd5 28. Qg3 Rxb2 29. Qc3 Rb3 30. Qc5 Be6 31. Rd8+ 1-0

[Event "Wch Rapid (Women)"]
[Site "Samarkand"]
[Date "2023.12.27"]
[Round "8"]
[White "Batsiashvili, Nino"]
[Black "Yakimova, Mariya"]
[Result "1-0"]
[WhiteElo "2451"]
[BlackElo "2231"]
[PlyCount "117"]
[EventDate "2023.12.26"]
[EventType "swiss (rapid)"]
[EventRounds "11"]
[EventCountry "UZB"]
[SourceTitle "CB01_2024"]
[SourceDate "2024.01.03"]
[SourceVersion "1"]
[SourceVersionDate "2024.01.03"]
[SourceQuality "1"]

1. d4 Nf6 2. c4 g6 3. Nc3 Bg7 4. e4 d6 5. Be2 0-0 6. h4 c5 7. d5 e6 8. h5 exd5 9. h6 Bh8 10. exd5 Re8 11. Bg5 Qb6 12. b3 Ng4 13. Rc1 Bd4 14. Nh3 Qa5 15. Bd2 Qd8 16. Nb5 Bh8 17. Kf1 a6 18. Nc3 Nf6 19. Ng5 Nbd7 20. Rh4 Ne5 21. f4 Ned7 22. Bd3 Nf8 23. a4 Bd7 24. Qf3 Qc8 25. Nce4 Nxe4 26. Nxe4 Qd8 27. Qg3 Bf5 28. Nxc5 Bxd3+ 29. Nxd3 Qb6 30. b4 Rac8 31. f5 Nd7 32. a5 Qa7 33. Rg4 Ne5 34. Nxe5 Rxe5 35. Rf4 Rce8 36. Re1 Rxe1+ 37. Bxe1 Be5 38. Re4 Qb8 39. Qf3 Qc8 40. f6 Qf5 41. Qxf5 gxf5 42. Re2 Rc8 43. c5 Bxf6 44. cxd6 Rd8 45. Bg3 Kf8 46. Bf4 Bc3 47. g3 Rd7 48. Rc2 Bf6 49. Rc8+ Bd8 50. Ke2 Ke8 51. Kd3 f6 52. Kc4 Kf7 53. Kb3 Kg6 54. Ka4 Kh5 55. b5 axb5+ 56. Kxb5 Kg4 57. Rc7 Bxc7 58. dxc7 Rxd5+ 59. Kb6 1-0

[Event "Wch Rapid (Women)"]
[Site "Samarkand"]
[Date "2023.12.26"]
[Round "4"]
[White "Altynbek, Aiaru"]
[Black "Yakimova, Mariya"]
[Result "0-1"]
[WhiteElo "1681"]
[BlackElo "2231"]
[PlyCount "76"]
[EventDate "2023.12.26"]
[EventType "swiss (rapid)"]
[EventRounds "11"]
[EventCountry "UZB"]
[SourceTitle "CB01_2024"]
[SourceDate "2024.01.03"]
[SourceVersion "1"]
[SourceVersionDate "2024.01.03"]
[SourceQuality "1"]

1. d4 Nf6 2. c4 g6 3. Nc3 Bg7 4. e4 d6 5. f3 0-0 6. Be3 Nc6 7. Nge2 a6 8. Qd2 Rb8 9. a4 a5 10. g4 h5 11. g5 Nh7 12. h4 e5 13. d5 Nb4 14. Na2 c5 15. Nxb4 axb4 16. Bh3 f6 17. f4 Bxh3 18. Rxh3 Qe8 19. Ng3 exf4 20. Bxf4 Rd8 21. a5 fxg5 22. hxg5 Bxb2 23. Qxb2 Rxf4 24. 0-0-0 Ra8 25. Rhh1 Rxa5 26. Rhf1 Rxf1 27. Rxf1 Qe7 28. Kb1 Qxg5 29. Qf2 Qe5 30. Qf7+ Kh8 31. Ne2 Qxe4+ 32. Kc1 Qxc4+ 33. Kb1 Qd3+ 34. Kc1 Ra1+ 35. Kb2 Qa3+ 36. Kc2 Ra2+ 37. Kd1 Qd3+ 38. Kc1 Qc2# 0-1

[Event "RUS Cup final (Women)"]
[Site "Khanty-Mansiysk"]
[Date "2023.12.08"]
[Round "2.3"]
[White "Kovanova, Baira"]
[Black "Yakimova, Mariya"]
[Result "1/2-1/2"]
[WhiteElo "2337"]
[BlackElo "2231"]
[PlyCount "35"]
[EventDate "2023.12.05"]
[EventType "k.o."]
[EventRounds "3"]
[EventCountry "RUS"]
[SourceTitle "CB50_2023"]
[SourceDate "2023.12.13"]
[SourceVersion "1"]
[SourceVersionDate "2023.12.13"]
[SourceQuality "1"]

1. e4 c5 2. Nf3 d6 3. d4 cxd4 4. Nxd4 Nf6 5. Nc3 g6 6. Be3 Nc6 7. f3 h5 8. Qd2 Nxd4 9. Bxd4 Bh6 10. Be3 Bxe3 11. Qxe3 Be6 12. Bb5+ Kf8 13. Qd4 Qa5 14. a3 Rc8 15. Bd3 Qc5 16. Qxc5 Rxc5 17. h4 Kg7 18. Kd2 1/2-1/2

[Event "RUS Cup final (Women)"]
[Site "Khanty-Mansiysk"]
[Date "2023.12.06"]
[Round "1.4"]
[White "Voit, Daria"]
[Black "Yakimova, Mariya"]
[Result "0-1"]
[WhiteElo "2343"]
[BlackElo "2231"]
[PlyCount "114"]
[EventDate "2023.12.05"]
[EventType "k.o."]
[EventRounds "3"]
[EventCountry "RUS"]
[SourceTitle "CB50_2023"]
[SourceDate "2023.12.13"]
[SourceVersion "1"]
[SourceVersionDate "2023.12.13"]
[SourceQuality "1"]

1. d4 Nf6 2. c4 g6 3. g3 Bg7 4. Bg2 0-0 5. Nc3 d6 6. Nf3 Nc6 7. 0-0 e5 8. d5 Nb8 9. e4 a5 10. b3 Na6 11. Rb1 Qe8 12. Re1 Bd7 13. h3 Nh5 14. a3 Nc5 15. Be3 f5 16. Bxc5 dxc5 17. exf5 gxf5 18. Qd2 e4 19. Nh2 Qe5 20. Ne2 Qf6 21. Qe3 b6 22. Nf4 Nxf4 23. Qxf4 Ra7 24. Qd2 a4 25. b4 Qc3 26. Qc1 cxb4 27. Rxb4 Qxc1 28. Rxc1 Bd4 29. Rbb1 f4 30. gxf4 Rxf4 31. Rf1 h5 32. Kh1 Bf5 33. Rbd1 Bc5 34. f3 e3 35. Rfe1 Bxa3 36. Rxe3 Bb2 37. Re7 Bf6 38. Re2 a3 39. Ra2 Rxc4 40. d6 cxd6 41. Rxd6 Bd4 42. Bf1 Rb4 43. Rc6 Bc5 44. Rh6 Kg7 45. Rxh5 Bg6 46. Rg5 Kf6 47. Rag2 Bf5 48. Rh5 a2 49. Rh6+ Kf7 50. Rg5 a1Q 51. Rxf5+ Ke7 52. Rg5 Rd7 53. Rgg6 Rb1 54. Kg2 Rd2+ 55. Kg3 Qe5+ 56. Kh4 Bf2+ 57. Kg4 Rb4+ 0-1

[Event "RUS Cup final (Women)"]
[Site "Khanty-Mansiysk"]
[Date "2023.12.05"]
[Round "1.1"]
[White "Voit, Daria"]
[Black "Yakimova, Mariya"]
[Result "0-1"]
[WhiteElo "2343"]
[BlackElo "2231"]
[PlyCount "146"]
[EventDate "2023.12.05"]
[EventType "k.o."]
[EventRounds "3"]
[EventCountry "RUS"]
[SourceTitle "CB50_2023"]
[SourceDate "2023.12.13"]
[SourceVersion "1"]
[SourceVersionDate "2023.12.13"]
[SourceQuality "1"]

1. d4 Nf6 2. c4 g6 3. Nc3 Bg7 4. Nf3 0-0 5. Bg5 h6 6. Bh4 c5 7. d5 d6 8. e3 Bf5 9. Nd2 Qb6 10. Na4 Qa5 11. f3 g5 12. Bf2 Bg6 13. e4 Nbd7 14. h4 e6 15. hxg5 hxg5 16. Nc3 b5 17. dxe6 fxe6 18. cxb5 d5 19. Nb3 Qc7 20. exd5 exd5 21. Nxd5 Qe5+ 22. Ne3 Nb6 23. Nd2 Rfe8 24. Bc4+ Nxc4 25. Ndxc4 Qf4 26. 0-0 Rad8 27. Qc1 Bd3 28. Re1 g4 29. g3 Qxf3 30. Nd2 Qb7 31. Qxc5 Bxb5 32. Nec4 Rd5 33. Rxe8+ Nxe8 34. Qb4 Rh5 35. Kf1 Qh1+ 36. Bg1 Bd4 37. Ke2 Bxg1 38. Rf1 Qg2+ 39. Kd1 Bf2 40. Ne3 Qxg3 41. Rxf2 Rh1+ 42. Rf1 Bxf1 43. Nexf1 Qg2 44. Qc4+ Kh8 45. Kc2 Rh6 46. Ne3 Qf2 47. Nxg4 Qf5+ 48. Kd1 Rh1+ 49. Ke2 Ng7 50. Ne3 Qh5+ 51. Kd3 Rh4 52. Qc8+ Kh7 53. Ndc4 Qg6+ 54. Kc3 Qf6+ 55. Kb3 Ne6 56. Qd7+ Kh6 57. Qxa7 Nd4+ 58. Ka4 Qc6+ 59. Kb4 Qxc4+ 60. Nxc4 Nc6+ 61. Kc5 Nxa7 62. a4 Kg7 63. b4 Kf7 64. a5 Ke7 65. Na3 Kd7 66. b5 Nc8 67. Nc4 Rh5+ 68. Kb4 Kc7 69. b6+ Kc6 70. Nd2 Rh4+ 71. Ka3 Nd6 72. Nb3 Kb5 73. Kb2 Nc4+ 0-1

[Event "Khanty-Mansiysk TOP 28 Blitz GP (Women)"]
[Site "Khanty-Mansiysk"]
[Date "2023.12.04"]
[Round "9"]
[White "Chervyakova, Tatiana"]
[Black "Yakimova, Mariya"]
[Result "1-0"]
[WhiteElo "1742"]
[BlackElo "2231"]
[PlyCount "100"]
[EventDate "2023.12.04"]
[EventType "tourn (blitz)"]
[EventRounds "13"]
[EventCountry "RUS"]
[SourceTitle "CB49_2023"]
[SourceDate "2023.12.06"]
[SourceVersion "1"]
[SourceVersionDate "2023.12.06"]
[SourceQuality "1"]

1. d4 Nf6 2. c4 g6 3. Nc3 Bg7 4. e4 d6 5. Be2 0-0 6. Bg5 h6 7. Be3 e5 8. d5 Nbd7 9. h4 Nc5 10. Qc2 Ng4 11. Bxg4 Bxg4 12. f3 Bd7 13. b4 Na6 14. Rb1 c6 15. dxc6 bxc6 16. Qd3 Bc8 17. a3 Qe7 18. Rd1 Rd8 19. b5 cxb5 20. Nd5 Qb7 21. cxb5 Nc7 22. Nxc7 Qxc7 23. Ne2 Be6 24. Rc1 Qb7 25. Nc3 d5 26. exd5 Bxd5 27. Nxd5 Rxd5 28. Qc4 Qxb5 29. Qxb5 Rxb5 30. 0-0 Rb3 31. Bc5 Bf6 32. Rfe1 a6 33. Rc4 Rc8 34. Rec1 h5 35. Kh2 Rc6 36. Bb4 Rxc4 37. Rxc4 Rd3 38. Rc6 Bxh4 39. Rxa6 Bg5 40. Rd6 Rb3 41. Rd1 Bf4+ 42. Kg1 Rb2 43. Rd8+ Kg7 44. Rd1 Be3+ 45. Kh1 Bd4 46. Rc1 Kf6 47. Rc6+ Kg5 48. Rc7 Rb1+ 49. Rc1 Rb3 50. Rc6 Rb1+ 1-0

[Event "Khanty-Mansiysk TOP 28 Blitz GP (Women)"]
[Site "Khanty-Mansiysk"]
[Date "2023.12.04"]
[Round "11"]
[White "Goltseva, Ekaterina"]
[Black "Yakimova, Mariya"]
[Result "1-0"]
[WhiteElo "2331"]
[BlackElo "2231"]
[PlyCount "135"]
[EventDate "2023.12.04"]
[EventType "tourn (blitz)"]
[EventRounds "13"]
[EventCountry "RUS"]
[SourceTitle "CB49_2023"]
[SourceDate "2023.12.06"]
[SourceVersion "1"]
[SourceVersionDate "2023.12.06"]
[SourceQuality "1"]

1. d4 Nf6 2. Nf3 g6 3. Nbd2 d5 4. c4 c6 5. e3 Bg7 6. Be2 0-0 7. 0-0 Bf5 8. h3 Ne4 9. Nxe4 Bxe4 10. Ng5 Bf5 11. f4 Qc7 12. cxd5 cxd5 13. g4 Bc2 14. Qe1 Nc6 15. Bd2 h6 16. Nf3 Be4 17. Rc1 Qd7 18. Qg3 a6 19. Nh4 Rac8 20. Bf3 Qd6 21. Qg2 Bxf3 22. Nxf3 Nb4 23. a3 Nc6 24. h4 e6 25. h5 gxh5 26. gxh5 Kh8 27. Kf2 Rg8 28. Qh3 Ne7 29. Nh4 Qb6 30. Bc3 Qb5 31. Rcd1 Qb3 32. Rd2 Bf6 33. Rh1 b5 34. Nf3 a5 35. Bxa5 Rc2 36. Bc3 Nf5 37. Rhd1 Rg3 38. Qh2 Rg8 39. Qh3 Rg3 40. Qh2 Rg8 41. Ne5 Rxd2+ 42. Rxd2 Bxe5 43. fxe5 Qa2 44. Qh1 Rg3 45. Re2 Qc4 46. e4 dxe4 47. Qxe4 Rg5 48. Qf4 Rxh5 49. Ke1 Qd3 50. Rh2 Qb1+ 51. Kd2 Rxh2+ 52. Qxh2 Qf1 53. d5 exd5 54. e6+ Kg8 55. Qb8+ Kh7 56. Qh8+ Kg6 57. Qf6+ Kh5 58. Qxf7+ Kg4 59. Qg6+ Kf4 60. Qf6 Qg2+ 61. Kc1 Qe2 62. Kb1 h5 63. Bb4 h4 64. Bd6+ Kg4 65. Qg6+ Kf3 66. Qxf5+ Ke3 67. Qe5+ Kd3 68. Qxe2+ 1-0

[Event "Khanty-Mansiysk TOP 28 Blitz GP (Women)"]
[Site "Khanty-Mansiysk"]
[Date "2023.12.04"]
[Round "8"]
[White "Yakimova, Mariya"]
[Black "Goganova, Yana"]
[Result "1-0"]
[WhiteElo "2231"]
[BlackElo "1966"]
[PlyCount "111"]
[EventDate "2023.12.04"]
[EventType "tourn (blitz)"]
[EventRounds "13"]
[EventCountry "RUS"]
[SourceTitle "CB49_2023"]
[SourceDate "2023.12.06"]
[SourceVersion "1"]
[SourceVersionDate "2023.12.06"]
[SourceQuality "1"]

1. d4 d5 2. c4 dxc4 3. Nf3 c6 4. a4 b5 5. e3 e6 6. axb5 cxb5 7. b3 Bb4+ 8. Bd2 Bxd2+ 9. Nbxd2 Ne7 10. bxc4 0-0 11. cxb5 Nd5 12. Qb3 Nd7 13. Be2 Rb8 14. Rxa7 Qb6 15. Ra3 Bb7 16. 0-0 Qd8 17. Rc1 h5 18. h3 g5 19. Nc4 Rc8 20. Raa1 Rb8 21. Nfe5 Nxe5 22. Nxe5 g4 23. hxg4 hxg4 24. Bxg4 Qg5 25. Bf3 Kg7 26. e4 Rh8 27. exd5 Qh4 28. Kf1 Bxd5 29. Bxd5 f6 30. Qg3+ Qxg3 31. fxg3 fxe5 32. Bxe6 exd4 33. Bd7 Rbd8 34. Bc6 d3 35. Rd1 Rh1+ 36. Kf2 Rf8+ 37. Ke3 Rh5 38. Rxd3 Rg5 39. Kd2 Rf2+ 40. Kc3 Rc5+ 41. Kb4 Re5 42. Ra7+ Kf6 43. Rd6+ Kg5 44. Rg7+ Kh5 45. Bf3+ Rxf3 46. gxf3 Rxb5+ 47. Kc4 Rc5+ 48. Kd4 Rc4+ 49. Ke3 Re4+ 50. Kd3 Re3+ 51. Kc4 Rc3+ 52. Kd5 Rc5+ 53. Ke6 Re5+ 54. Kf7 Re7+ 55. Kf6 Re6+ 56. Kxe6 1-0

[Event "Khanty-Mansiysk TOP 28 Rapid GP (Women)"]
[Site "Khanty-Mansiysk"]
[Date "2023.12.02"]
[Round "9"]
[White "Potapova, Margarita"]
[Black "Yakimova, Mariya"]
[Result "1-0"]
[WhiteElo "2155"]
[BlackElo "2231"]
[PlyCount "41"]
[EventDate "2023.12.01"]
[EventType "tourn (rapid)"]
[EventRounds "13"]
[EventCountry "RUS"]
[SourceTitle "CB49_2023"]
[SourceDate "2023.12.06"]
[SourceVersion "1"]
[SourceVersionDate "2023.12.06"]
[SourceQuality "1"]

1. d4 g6 2. e4 Bg7 3. Nc3 d6 4. Be3 a6 5. h4 h5 6. Nh3 Bxh3 7. Rxh3 Nd7 8. Qe2 c5 9. 0-0-0 Qa5 10. Kb1 b5 11. dxc5 dxc5 12. Bf4 Ne5 13. Nd5 e6 14. Ra3 Qd8 15. Bg5 Qb8 16. Rxa6 exd5 17. Qxb5+ Nd7 18. Rxd5 Ngf6 19. Bxf6 Bxf6 20. Qxd7+ Kf8 21. Rxf6 1-0

[Event "Cheliabinsk Shusharin Memorial Rapid"]
[Site "Cheliabinsk"]
[Date "2023.11.16"]
[Round "10"]
[White "Shuvalova, Polina"]
[Black "Yakimova, Mariya"]
[Result "0-1"]
[WhiteElo "2497"]
[BlackElo "2231"]
[PlyCount "114"]
[EventDate "2023.11.15"]
[EventType "swiss (rapid)"]
[EventRounds "11"]
[EventCountry "RUS"]
[SourceTitle "CB47_2023"]
[SourceDate "2023.11.22"]
[SourceVersion "1"]
[SourceVersionDate "2023.11.22"]
[SourceQuality "1"]

1. e4 c5 2. Nf3 d6 3. Bb5+ Nd7 4. 0-0 a6 5. Bd3 Ngf6 6. Re1 e6 7. Bf1 Be7 8. c3 0-0 9. d4 Qc7 10. a4 b6 11. Nbd2 Bb7 12. Bd3 cxd4 13. cxd4 e5 14. d5 Nc5 15. Bf1 a5 16. b3 Nfd7 17. g4 g6 18. Nc4 Kh8 19. Bh6 Rg8 20. Ng5 Bxg5 21. Bxg5 f6 22. Bd2 f5 23. f3 fxe4 24. fxe4 Nf6 25. Bg2 Raf8 26. Bg5 Rf7 27. Re3 Bc8 28. h3 Kg7 29. Qd2 h6 30. Bh4 g5 31. Bg3 Rgf8 32. Qc3 h5 33. gxh5 Kh6 34. Nxd6 Qxd6 35. Bxe5 Qd7 36. Bd4 Nxh5 37. e5 Rf2 38. Bh1 Qf5 39. Ree1 Bb7 40. Qe3 Rf4 41. Rad1 g4 42. h4 g3 43. Bc3 g2 44. Bxg2 Rg8 45. Re2 Kh7 46. Rde1 Rfg4 47. Kh1 Rxg2 48. Rxg2 Bxd5 49. Reg1 Nf4 50. e6 Rxg2 51. Rxg2 Nxg2 52. Qd4 Qf1+ 53. Kh2 Qf4+ 54. Qxf4 Nxf4 55. e7 Bc6 56. Be5 Nd5 57. Bd6 Nxb3 0-1

[Event "Cheliabinsk Shusharin Memorial Rapid"]
[Site "Cheliabinsk"]
[Date "2023.11.15"]
[Round "2"]
[White "Iljiushenok, Ilia"]
[Black "Yakimova, Mariya"]
[Result "1-0"]
[WhiteElo "2547"]
[BlackElo "2231"]
[PlyCount "111"]
[EventDate "2023.11.15"]
[EventType "swiss (rapid)"]
[EventRounds "11"]
[EventCountry "RUS"]
[SourceTitle "CB47_2023"]
[SourceDate "2023.11.22"]
[SourceVersion "1"]
[SourceVersionDate "2023.11.22"]
[SourceQuality "1"]

1. e4 c5 2. c3 Nf6 3. e5 Nd5 4. Nf3 Nc6 5. Bc4 Nb6 6. Bb3 c4 7. Bc2 d6 8. exd6 Qxd6 9. 0-0 g6 10. Qe2 Bg7 11. b3 Be6 12. Na3 cxb3 13. axb3 0-0 14. d4 a6 15. Nc4 Qc7 16. Ne3 Nd5 17. Bb2 Nf4 18. Qd2 Rfd8 19. Rfe1 a5 20. Ng5 Bc8 21. Rad1 b5 22. Be4 Bb7 23. d5 Ne5 24. g3 Nh5 25. f4 Nd7 26. d6 exd6 27. Nd5 Qc5+ 28. Kh1 Re8 29. Bf3 Nb6 30. b4 Qc6 31. Ne7+ Rxe7 32. Bxc6 Bxc6+ 33. Kg1 Rxe1+ 34. Qxe1 Nc4 35. Bc1 h6 36. Nh3 a4 37. g4 Nf6 38. g5 Ne4 39. gxh6 Bxc3 40. Qh4 a3 41. Bxa3 Rxa3 42. Qd8+ Kh7 43. Qf8 Ra7 44. Ng5+ Nxg5 45. fxg5 d5 46. Rf1 Bd4+ 47. Kh1 Be5 48. Rxf7+ Rxf7 49. Qxf7+ Kh8 50. h7 d4+ 51. Kg1 Bd5 52. Qxd5 Kxh7 53. Qxb5 Nd2 54. Qd5 Bg7 55. b5 Nb1 56. b6 1-0

[Event "RUS-chT Blitz (Women)"]
[Site "Sochi"]
[Date "2023.10.17"]
[Round "4.6"]
[White "Khlichkova, Tatiana"]
[Black "Yakimova, Mariya"]
[Result "1-0"]
[WhiteElo "2196"]
[BlackElo "2222"]
[PlyCount "49"]
[EventDate "2023.10.17"]
[EventType "team-tourn (blitz)"]
[EventRounds "13"]
[EventCountry "RUS"]
[SourceTitle "Mega2024 Update 01"]
[Source "Chessbase"]
[SourceDate "2023.11.12"]
[SourceVersion "1"]
[SourceVersionDate "2023.11.12"]
[SourceQuality "1"]
[WhiteTeam "Novosibirsk Region (W)"]
[BlackTeam "Tatarstan Ladya (W)"]
[WhiteTeamCountry "RUS"]
[BlackTeamCountry "RUS"]

1. d4 Nf6 2. Bg5 g6 3. Bxf6 exf6 4. e3 d5 5. c4 dxc4 6. Bxc4 Bd6 7. Nc3 c6 8. Nge2 Bf5 9. Qb3 Qe7 10. Ng3 Bc8 11. Nge4 Bc7 12. a4 0-0 13. h4 h6 14. h5 g5 15. 0-0-0 Re8 16. d5 cxd5 17. Nxd5 Qxe4 18. Nxc7 Bf5 19. Nxa8 Qb1+ 20. Kd2 Rd8+ 21. Ke2 Rxd1 22. Rxd1 Qe4 23. f3 Qe5 24. Qxb7 Qh2 25. Qxf7+ 1-0

[Event "RUS-chT Blitz (Women)"]
[Site "Sochi"]
[Date "2023.10.17"]
[Round "6.2"]
[White "Yakimova, Mariya"]
[Black "Obolentseva, Alexandra"]
[Result "0-1"]
[WhiteElo "2222"]
[BlackElo "2323"]
[PlyCount "89"]
[EventDate "2023.10.17"]
[EventType "team-tourn (blitz)"]
[EventRounds "13"]
[EventCountry "RUS"]
[SourceTitle "Mega2024 Update 01"]
[Source "Chessbase"]
[SourceDate "2023.11.12"]
[SourceVersion "1"]
[SourceVersionDate "2023.11.12"]
[SourceQuality "1"]
[WhiteTeam "Tatarstan Ladya (W)"]
[BlackTeam "Moscow ShSM (W)"]
[WhiteTeamCountry "RUS"]
[BlackTeamCountry "RUS"]

1. d4 Nf6 2. c4 g6 3. Nc3 Bg7 4. g3 0-0 5. Bg2 d6 6. Nf3 c5 7. 0-0 Nc6 8. d5 Na5 9. Nd2 a6 10. Qc2 e6 11. Rb1 Re8 12. dxe6 Bxe6 13. b3 Bf5 14. e4 Bg4 15. f3 Bd7 16. Bb2 Nc6 17. Ne2 b5 18. Rfe1 Nb4 19. Qc3 Nh5 20. Qe3 Nc2 21. Qf2 Bxb2 22. Rxb2 Nxe1 23. Qxe1 bxc4 24. Nxc4 Bb5 25. Ne3 Nf6 26. Nc3 d5 27. exd5 Nxd5 28. Ncxd5 Qxd5 29. Nxd5 Rxe1+ 30. Kf2 Rd1 31. f4 Rd8 32. a4 Bd7 33. Rc2 Be6 34. Nf6+ Kg7 35. Ne4 Bxb3 36. Rxc5 Bxa4 37. Rc7 Bb5 38. Bf3 R1d7 39. Rc5 f5 40. Ng5 Re8 41. Bd5 h6 42. Ne6+ Kf6 43. Nd4 Red8 44. Ne6 Rxd5 45. Ke3 0-1